Statistiques concernant Ligne L transilien île-de-France

Cliquez ici pour prendre le quiz!

Statistiques générales

  • Ce quiz a été pris 27 fois
  • Le résultat moyen est 13 sur 19

Statistiques - réponses

Gare% Correct
Asnières sur Seine
92%
La Défense
88%
Pont Cardinet
88%
Courbevoie
83%
Clichy le Vallois
79%
Saint Cloud
79%
Saint Nom la Bretèche Forêt de Marly
79%
Bécon les Bruyères
75%
Le Val d'Or
71%
Paris Saint Lazare
71%
Bougival
58%
Marly le Roi
58%
Puteaux
58%
Vaucresson
58%
Louveciennes
54%
Suresnes Mont Valerien
54%
Garches Marnes la Coquette
50%
La celle saint Cloud
50%
L'Etang la Ville
50%

Distribution des résultats

Percentile par nombre de réponses

% des personnes avec chaque résultat

Votre développement - résultats

Vous n’avez pas pris ce quiz